| 000 | 00949nam a22002177a 4500 | ||
|---|---|---|---|
| 003 | OSt | ||
| 005 | 20250819143920.0 | ||
| 008 | 241007b |||||||| |||| 00| 0 eng d | ||
| 040 | _c0 | ||
| 082 | _aDPer 613.705 J826 January-December 2020 v. 91 n. 1-9 | ||
| 100 |
_aHenninger, Mary L. _eauthor. _962444 |
||
| 245 |
_aTransitioning from students of teaching to teachers of students : _bdeveloping professional developing professional dispositions (Part 1) / _cMary L. Henninger and Julene Ensign. |
||
| 260 |
_aVirginia ; _bAmerican Alliance for Health , _cJanuary 2020. |
||
| 300 |
_aVolume 91, pages 33-37 : _billustration ; _c28 cm. |
||
| 500 | _aThe Journal of Physical Education Recreation & Dance, vol. 91, no. 1, pages 33-37, January 2020. | ||
| 650 | 0 |
_aPhysical education. _950439 |
|
| 650 | 0 |
_aStudent teaching. _915999 |
|
| 700 |
_aHenninger, Mary L. _eauthor. _962444 |
||
| 700 |
_a Ensign, Julene. _eauthor. _964391 |
||
| 942 |
_2ddc _cPER |
||
| 999 |
_c22303 _d22303 |
||